[Event "AUTO-ADV-1118"]
[Site "http://www.queenalice.com/game.php?id=496391"]
[Date "2008.11.21"]
[Round "1"]
[White "vishnu"]
[Black "Feanzeli"]
[Result "0-1"]
[WhiteElo "1704"]
[BlackElo "1915"]

1. e4 e5 2. Nf3 Nc6 3. Bb5 a6 4. Bxc6 dxc6 5. Nxe5 Qd4 6. Nxf7 Kxf7 7. Qf3+ Nf6
8. d3 Bd6 9. O-O Qe5 10. g3 Bg4 11. Qe3 h5 12. f3 Bc5 13. fxg4 Bxe3+ 14. Bxe3
hxg4 15. Nc3 Kg8 16. d4 Qh5 17. Rf2 Rf8 18. Raf1 Nd7 19. d5 Rxf2 20. Rxf2 Ne5
21. Bf4 Nf3+ 22. Kf1 Nxh2+ 23. Ke2 cxd5 24. Nxd5 Nf3 25. Nxc7 Qh1 26. Be3 Rh2
27. Rxh2 Qxh2+ 28. Kd3 Ne1+ 29. Kd4 Nxc2+ 30. Kd3 Nxe3 31. Kxe3 Qxg3+ 32. Kd4
Qxc7 33. b3 g3 0-1

[Event "AUTO-ADV-1118"]
[Site "http://www.queenalice.com/game.php?id=496400"]
[Date "2008.11.21"]
[Round "1"]
[White "vishnu"]
[Black "chaosagent"]
[Result "0-1"]
[WhiteElo "1700"]
[BlackElo "1596"]

1. e4 c6 2. d4 d5 3. e5 Bf5 4. Nc3 e6 5. Nf3 Bb4 6. Bd2 c5 7. a3 Bxc3 8. Bxc3
cxd4 9. Nxd4 a6 10. Nxf5 exf5 11. Qf3 Qe7 12. Qxd5 Nc6 13. Bc4 Nh6 14. O-O O-O
15. e6 fxe6 16. Qxe6+ Qxe6 17. Bxe6+ Kh8 18. Rad1 Rfe8 19. Rd7 Rxe6 20. Rxb7
Rae8 21. h3 R6e7 22. Rb6 Nb8 23. Rxh6 Kg8 24. Rh5 g6 25. Rh4 Nc6 26. Ra4 Nb8 27.
f4 Re2 28. Be5 Nd7 29. Rf2 Rxf2 30. Kxf2 Nxe5 31. fxe5 Rxe5 32. Rxa6 Rd5 33. Ke3
Re5+ 34. Kf4 Re2 35. g3 Rxc2 36. b4 Rc4+ 37. Kg5 Rc3 38. g4 Rxh3 39. gxf5 Rh5+
40. Kg4 Rxf5 41. a4 h5+ 42. Kh4 Kg7 43. Ra7+ Kh6 44. b5 Rf4+ 45. Kg3 Rb4 46. Kf3
Kg5 47. Ra6 h4 48. b6 Rf4+ 49. Ke3 Kg4 50. b7 Rb4 51. Ra7 h3 52. Kf2 Rb2+ 53.
Kg1 Kg3 54. Kf1 h2 55. b8=Q+ Rxb8 56. Rh7 Rb1+ 57. Ke2 h1=Q 58. Rxh1 Rxh1 59.
Kd3 Ra1 60. Ke4 Rxa4+ 61. Ke5 g5 62. Kf5 g4 63. Kg5 Kh3 0-1

[Event "AUTO-ADV-1118"]
[Site "http://www.queenalice.com/game.php?id=496401"]
[Date "2008.11.21"]
[Round "1"]
[White "chaosagent"]
[Black "vishnu"]
[Result "0-1"]
[WhiteElo "1724"]
[BlackElo "1680"]

1. e4 e5 2. Nf3 Nc6 3. Bb5 d6 4. d4 a6 5. Bc4 Bg4 6. dxe5 Bxf3 7. Qxf3 Nxe5 8.
Qe2 Nxc4 9. Qxc4 Nf6 10. Nc3 Be7 11. O-O O-O 12. Re1 b5 13. Qd3 Ng4 14. Bd2 Bh4
15. g3 Bf6 16. Qf3 Ne5 17. Qg2 c6 18. a4 b4 19. Na2 c5 20. Be3 Nc4 21. b3 Nxe3
22. fxe3 Bxa1 23. Rxa1 Qf6 24. Rf1 Qb2 25. Nc1 Qc3 26. Na2 Qxe3+ 27. Kh1 Rae8
28. Nc1 Rxe4 29. Nd3 d5 30. Qf2 c4 31. Nxb4 a5 32. Nxd5 Qxf2 33. Rxf2 cxb3 34.
cxb3 Re1+ 35. Kg2 g6 36. Nf6+ Kg7 37. Nd7 Rd8 38. Nb6 Rb1 39. Nc4 Ra8 40. Rf3 h5
41. Ne5 Ra7 42. Nc6 Ra6 43. Ne5 f6 44. Nd7 g5 45. Nc5 g4 46. Rf5 Kg6 47. Rd5 Rc6
48. Kf2 Rb2+ 49. Kg1 Rc2 50. Nd3 R2c3 51. Nf4+ Kg7 52. Rxa5 Rxb3 53. Nxh5+ Kg6
54. Rb5 Rxb5 55. axb5 Rb6 56. Nf4+ Kf5 57. Kf2 Rxb5 58. h3 Rb2+ 59. Ke3 Rb3+ 60.
Kf2 Rf3+ 61. Kg2 Ra3 62. h4 Ra2+ 63. Kf1 Ke4 64. Ng2 Kf3 65. h5 Rxg2 66. h6 Rh2
67. Ke1 Rxh6 68. Kd2 f5 69. Kd3 Kxg3 70. Kd4 Re6 71. Kd5 Re1 0-1

[Event "Challenge"]
[Site "http://www.queenalice.com/game.php?id=526869"]
[Date "2009.1.21"]
[Round "-"]
[White "cristal_negro"]
[Black "vishnu"]
[Result "1-0"]
[WhiteElo "1785"]
[BlackElo "1702"]

1. Nf3 Nc6 2. b3 e5 3. Bb2 d5 4. Nxe5 Nxe5 5. Bxe5 Be7 6. Bxg7 Bf6 7. Bxh8 Bxa1
8. Bxa1 d4 9. d3 c5 10. Nd2 a5 11. Ne4 b6 12. g3 Bb7 13. Bg2 Ra7 14. O-O Nf6 15.
e3 Ng4 16. Qxg4 Kf8 17. exd4 cxd4 18. Qf5 Qc8 19. Qxh7 f5 20. Nd6 Bxg2 21. Qh8+
Ke7 22. Nxc8+ 1-0

[Event "Let's Play Chess!"]
[Site "http://www.queenalice.com/game.php?id=541661"]
[Date "2009.2.17"]
[Round "-"]
[White "ZZZZ"]
[Black "vishnu"]
[Result "0-1"]
[WhiteElo "1735"]
[BlackElo "1767"]

1. e4 e5 2. Qh5 Nc6 3. Bc4 g6 4. Qf3 Nf6 5. Nc3 Nd4 6. Qd3 Nh5 7. g3 Be7 8. Nf3
d6 9. Nxd4 exd4 10. Qxd4 O-O 11. d3 Bf6 12. Qe3 Bxc3+ 13. bxc3 Be6 14. Bxe6 fxe6
15. f4 d5 16. e5 b6 17. Rf1 c5 18. g4 Ng7 19. Qh3 d4 20. c4 b5 21. Bd2 bxc4 22.
dxc4 d3 23. cxd3 Qd4 24. Rb1 Rad8 25. Rb3 Qa1+ 26. Ke2 Qxa2 27. Rfb1 Qa6 28. Qe3
Qc6 29. h4 Qg2+ 30. Qf2 Qxg4+ 31. Kf1 Nh5 32. Rb5 Nxf4 33. Bxf4 Rxf4 34. Qxf4
Qh3+ 35. Kf2 Qxd3 36. Qf3 Rf8 37. Qxf8+ Kxf8 38. Rb8+ Kg7 39. R8b7+ Kh6 40. R1b6
Qxc4 41. Rxe6 Qxe6 42. Rxa7 c4 43. Rc7 Qb6+ 0-1

[Event "AUTO-OPEN-1446"]
[Site "http://www.queenalice.com/game.php?id=542250"]
[Date "2009.2.18"]
[Round "1"]
[White "vishnu"]
[Black "MF_Fine"]
[Result "1-0"]
[WhiteElo "1782"]
[BlackElo "1698"]

1. e4 e5 2. Nf3 Nc6 3. Bc4 Bc5 4. Ng5 Qxg5 5. O-O Qe7 6. Nc3 Nf6 7. d3 d6 8. a3
Be6 9. Be3 Bxe3 10. fxe3 Bxc4 11. dxc4 O-O 12. Nd5 Nxd5 13. exd5 Nb8 14. c3 1-0

[Event "AUTO-OPEN-1446"]
[Site "http://www.queenalice.com/game.php?id=542251"]
[Date "2009.2.18"]
[Round "1"]
[White "MF_Fine"]
[Black "vishnu"]
[Result "0-1"]
[WhiteElo "1685"]
[BlackElo "1795"]

1. e4 e5 2. Nf3 Nc6 3. Bb5 a6 4. Ba4 b5 5. Bb3 Nf6 6. a4 Bb7 7. d3 Nd4 8. Nxd4
Bb4+ 9. c3 Ba5 10. Nf3 d5 11. Nxe5 O-O 12. axb5 dxe4 13. Rxa5 exd3 0-1

[Event "AUTO-INT-1110"]
[Site "http://www.queenalice.com/game.php?id=549312"]
[Date "2009.3.2"]
[Round "2"]
[White "Da_vinci7"]
[Black "vishnu"]
[Result "1-0"]
[WhiteElo "1896"]
[BlackElo "1807"]

1. d4 d5 2. e4 dxe4 3. Nc3 Nf6 4. f3 exf3 5. Nxf3 Bf5 6. Bb5+ c6 7. Bd3 e6 8.
Bxf5 exf5 9. O-O Ne4 10. Nxe4 fxe4 11. Ng5 f6 12. Nxe4 c5 13. Qh5+ g6 14. Qf3
Qxd4+ 15. Be3 Qxb2 16. Nxf6+ Kd8 17. Qd5+ Kc7 18. Bf4+ Kc8 19. Qe6+ Kd8 20. Qe8#
1-0

[Event "AUTO-INT-1110"]
[Site "http://www.queenalice.com/game.php?id=549313"]
[Date "2009.3.2"]
[Round "2"]
[White "vishnu"]
[Black "Da_vinci7"]
[Result "0-1"]
[WhiteElo "1812"]
[BlackElo "1951"]

1. e4 e5 2. Nf3 Nc6 3. Bb5 a6 4. Bc4 b5 5. Bb3 Nf6 6. O-O d6 7. Ng5 d5 8. exd5
Na5 9. d6 Nxb3 10. cxb3 Bxd6 11. Nc3 Bb7 12. d4 exd4 13. Re1+ Be7 14. Nce4 O-O
15. a4 c5 16. Qf3 Nxe4 17. Nxe4 Qd7 18. Qg3 Bxe4 19. Rxe4 Bf6 20. Bh6 Kh8 21.
Bg5 Qf5 22. Rg4 Rfe8 23. Rf4 Qxg5 24. Qxg5 Bxg5 25. Rf5 Be7 26. Rxf7 Rab8 27. a5
c4 28. Rd1 d3 29. g3 Kg8 30. Rf4 Rbc8 31. bxc4 bxc4 32. Kg2 Bb4 33. b3 c3 34.
Rd4 c2 35. Rxb4 cxd1=Q 36. Rf4 d2 0-1

[Event "AUTO-INT-1110"]
[Site "http://www.queenalice.com/game.php?id=549316"]
[Date "2009.3.2"]
[Round "2"]
[White "vishnu"]
[Black "pierjean"]
[Result "1-0"]
[WhiteElo "1715"]
[BlackElo "1553"]

1. e4 e5 2. Nf3 Nc6 3. Bb5 Nge7 4. O-O d6 5. d4 Bd7 6. dxe5 h6 7. Bc4 a6 8. exd6
Ng6 9. e5 Bg4 10. h3 Bxf3 11. Qxf3 Ngxe5 12. Re1 Bxd6 13. Rxe5+ Nxe5 14. Qe4 O-O
15. Nc3 c6 16. f4 Qh4 17. fxe5 Bc5+ 18. Kh1 b5 19. Bd3 Rae8 20. Qh7# 1-0

[Event "AUTO-INT-1110"]
[Site "http://www.queenalice.com/game.php?id=549317"]
[Date "2009.3.2"]
[Round "2"]
[White "pierjean"]
[Black "vishnu"]
[Result "0-1"]
[WhiteElo "1524"]
[BlackElo "1807"]

1. e4 e5 2. Nf3 Nc6 3. d4 Bd6 4. Bg5 Nf6 5. Nbd2 exd4 6. Bb5 O-O 7. Bxc6 bxc6 8.
O-O Re8 9. Bxf6 Qxf6 10. Re1 d3 11. cxd3 Qxb2 12. Nc4 Qb4 13. Rb1 Qc5 14. Qb3
Ba6 15. e5 Bxc4 16. dxc4 Bxe5 17. Qb4 Qd6 18. Qa5 f6 19. g3 h5 20. Rbd1 Bd4 21.
Rxe8+ Rxe8 22. Kg2 c5 23. Qxa7 Re2 24. Rxd4 cxd4 25. Nxd4 Rd2 26. Nf5 Qc6+ 27.
Kh3 Qe4 28. Qa5 Rxf2 29. Nh4 g5 30. Qd5+ Qe6+ 31. Qxe6+ dxe6 32. Ng6 g4+ 33. Kh4
Rxh2# 0-1

[Event "Let's Play Chess!"]
[Site "http://www.queenalice.com/game.php?id=573462"]
[Date "2009.4.17"]
[Round "-"]
[White "vishnu"]
[Black "microcephalec"]
[Result "1-0"]
[WhiteElo "1802"]
[BlackElo "1707"]

1. e4 c5 2. d3 Nc6 3. Nc3 d6 4. Nf3 Nf6 5. Be2 g6 6. O-O Bg7 7. Ng5 O-O 8. a3
Bd7 9. f4 Rc8 10. f5 Kh8 11. fxg6 fxg6 12. Nd5 e6 13. Nf4 Qb6 14. b4 Ng4 15.
Bxg4 Bxa1 16. Nfxe6 cxb4+ 17. Kh1 Rfe8 18. Nf7+ Kg8 19. Nxd6 Bxe6 20. Bxe6+ Rxe6
21. Nxc8 Qc7 22. Qf3 Ne5 23. Qf8# 1-0

[Event "Let's Play Chess!"]
[Site "http://www.queenalice.com/game.php?id=573466"]
[Date "2009.4.17"]
[Round "-"]
[White "vishnu"]
[Black "francky78"]
[Result "1-0"]
[WhiteElo "1814"]
[BlackElo "1700"]

1. e4 c6 2. d4 d5 3. e5 Bf5 4. Nc3 e6 5. Nf3 Ne7 6. Bg5 h6 7. Bh4 g5 8. Bg3 Nd7
9. Nd2 Nb6 10. Be2 Bg6 11. O-O Bg7 12. f4 Nf5 13. Bh5 Ne3 14. Qf3 Nxf1 15. Rxf1
Qe7 16. Bxg6 fxg6 17. Be1 Rf8 18. Qg3 Kd7 19. Nb3 Kc7 20. Bd2 Rf5 21. Nd1 gxf4
22. Qxg6 Raf8 23. a3 Nd7 24. Bb4 1-0